logo

Bir Sreshtho Munshi Abdur Rouf Library
Jhenaidah Cadet College

Biology of Animals / (Record no. 7591)

MARC details
000 -LEADER
fixed length control field 00681nam a2200253 a 4500
001 - CONTROL NUMBER
JCCL Control Number 7591
003 - CONTROL NUMBER IDENTIFIER
JCCL marc code BD-JhCC
005 - DATE AND TIME OF LATEST TRANSACTION
control field 20180212092822.0
008 - FIXED-LENGTH DATA ELEMENTS--GENERAL INFORMATION
fixed length control field 180212s1978 ii a|||| || | 001 0 eng d
035 ## - SYSTEM CONTROL NUMBER
system control number (BD-JhCC)7591
040 ## - CATALOGING SOURCE
Original cataloging agency BD-JhCC
Modifying agency BD-JhCC
041 ## - LANGUAGE CODE
Language code of Book eng
082 ## - DEWEY DECIMAL CLASSIFICATION NUMBER
Classification number 574
Author mark and Year SIN 1978
100 ## - MAIN ENTRY--PERSONAL NAME
Personal name Sinha, Arup Kumar
245 ## - TITLE STATEMENT
Title Biology of Animals /
Statement of responsibility, etc Arup Kumar Sinha, Simananda Adhikari & Banku Behari Ganguly
260 ## - PUBLICATION, DISTRIBUTION, ETC. (IMPRINT)
Place of publication, distribution, etc Calcutta :
Name of publisher, distributor, etc New Central Book Agency,
Date of publication, distribution, etc 1978
300 ## - PHYSICAL DESCRIPTION
Pagination 557 p. :
Dimensions 25 cm.
650 ## - SUBJECT ADDED ENTRY--TOPICAL TERM
Topical term or geographic name as entry element Biology
650 ## - SUBJECT ADDED ENTRY--TOPICAL TERM
Topical term or geographic name as entry element Animals
700 ## - ADDED ENTRY--PERSONAL NAME
Personal name Adhikari, Simananda
700 ## - ADDED ENTRY--PERSONAL NAME
Personal name Ganguly, Banku Behari
942 ## - ADDED ENTRY ELEMENTS (KOHA)
Source of classification or shelving scheme Dewey Decimal Classification
Koha item type Books
Holdings
Source of classification or shelving scheme volume number Damaged status Not for loan Home library Current library Shelving location Date of accession Cost, normal purchase price Total Checkouts Full call number Barcode Date last seen Copy number Koha item type
Dewey Decimal Classification V-2     JCC Rouf Library JCC Rouf Library General Stacks 02/24/2018 40.00   574 SIN 1978 10134 02/24/2018 C-1 Books

JCC Library | Contacts | JCC Home

Last Update on 23 September 2017
Copyright @ 2017-2020 JCC Rouf Library
Rouf Library, Jhenidah Cadet College (JCC), Bangladesh